<?xml version="1.0" encoding="UTF-8"?>
<collection xmlns="http://www.loc.gov/MARC21/slim">
 <record>
  <leader>00530pamaa2200145   4500</leader>
  <controlfield tag="001">0000021478</controlfield>
  <controlfield tag="005">20061215090000.0</controlfield>
  <datafield tag="020" ind1="0" ind2="0">
   <subfield code="a">0691068917 </subfield>
  </datafield>
  <datafield tag="090" ind1="0" ind2="0">
   <subfield code="a">PR559.E75 </subfield>
   <subfield code="b">DOW 1991</subfield>
  </datafield>
  <datafield tag="100" ind1="1" ind2="0">
   <subfield code="a">DOWLING </subfield>
  </datafield>
  <datafield tag="245" ind1="1" ind2="4">
   <subfield code="a">The epistolary moment : </subfield>
   <subfield code="b">the poetics of the eighteenth-century verse epistle  </subfield>
   <subfield code="c">William C. Dowling.</subfield>
  </datafield>
  <datafield tag="260" ind1="0" ind2="0">
   <subfield code="a">New Jersey: </subfield>
   <subfield code="b">Princeton University Press, </subfield>
   <subfield code="c">1991.</subfield>
  </datafield>
  <datafield tag="300" ind1=" " ind2=" ">
   <subfield code="a">220p.; </subfield>
   <subfield code="c">25cm.</subfield>
  </datafield>
  <datafield tag="650" ind1="0" ind2="0">
   <subfield code="a">English poetry -- </subfield>
   <subfield code="x">History and criticism -- </subfield>
   <subfield code="y">18th century </subfield>
  </datafield>
  <datafield tag="650" ind1="0" ind2="0">
   <subfield code="a">Epistolary poetry, English -- </subfield>
   <subfield code="x">History and criticism </subfield>
  </datafield>
 </record>
</collection>
